000 00249nam a22000857a 4500
008 160119b xxu||||| |||| 00| 0 eng d
100 _aSTUDY ROOMS KEYS
245 _aSTUDY ROOMS KEYS
500 _3The rooms have spare keys, network ports and power sockets
999 _c15580
_d15580